| 000 | 00510nam a2200193 i 4500 | ||
|---|---|---|---|
| 001 | bg | ||
| 100 | 1 |
_aFOSTER, Caxton C. _d(1929- ) |
|
| 245 | 0 |
_aComputer architecture / _cCaxton C. Foster. |
|
| 250 | _a2nd ed. | ||
| 260 |
_aNew York : _bVan Nostrand Reinhold, _c[1976]. |
||
| 300 |
_as. XVII, 300 : _brys. ; _c23 cm. |
||
| 504 | _aBibliogr. | ||
| 650 | 9 |
_aKomputery _xbudowa i organizacja |
|
| 040 | _cBPK | ||
| 041 | _apol | ||
| 080 | _a004 | ||
| 942 | _cKS | ||
| 008 | s pl f |000 0 pol | ||
| 999 |
_c27798 _d27798 |
||
| 856 |
_uhttp://koha.tu.koszalin.pl/cgi-bin/koha/opac-detail.pl?biblionumber=27798 _yKatalog online BPK |
||